000 00578nam a2200229Ia 4500
003 OSt
005 20230502104756.0
008 210423s2001 xx 000 0 und d
020 _a879695773
040 _cAL
041 _aeng
082 _a575.10724 SAMJ
100 _aSAMBROOK (Joseph);RUSSELL (David W).
_995781
245 _aMolecular cloning.
260 _aNew York
_bCambridge University Press
_c2001
300 _axxvii,7.94,I.44
_bPB
365 _b4995
_cINR
440 _v2
650 _aGenetics
_995782
906 _acloning. ; Molecular
942 _2ddc
_cBK
999 _c162915
_d162915